00637nam a22001697a 4500003000900000008004100009040007100050082003200121100002600153245005400179260001800233300002800251505014100279650001300420650001800433650001600451AR-CdUCM190411b ||||| |||| 00| 0 spa d aMUNICIPALIDAD PROVINCIAL DEL CUSCOcBIBLIOTECA MUNICIPAL DEL CUSCO 24eda345.731 / bD49 / 1943 aDelgado, Pedro Genaro aFormulario manual y reglamento de jueces de paz / aLima :c1943. a307 páginas ;c20 cm. aContenido: Manual del juez de paz -- Obligación de ejercer el cargo -- Nombramiento -- Requisitos -- Cuando se suspende el despacho... aSesiones aDerecho civil aJuez de paz